Recursos minerales de la República Argentina /

Guardado en:
Autor Corporativo: Instituto de Geología y Recursos Minerales (Argentina)
Otros Autores: Zappettini, Eduardo O., (Editor , ed.)
Formato: Libro
Idioma:Spanish
Publicado: Buenos Aires : Instituto de Geología y Recursos Minerales, 1999.
Series:Anales / Subsecretaría de Minería de la Nación, Servicio Geológico Minero Argentino, Instituto de Geológia y Recursos Minerales, no. 35
Materias:
Etiquetas: Agregar Etiqueta
Sin Etiquetas, Sea el primero en etiquetar este registro!
LEADER 01170cam a22002535a 4500
001 EIQ.libpla002819
008 061020s1999####ag#ab####bi##f001#0#spa#d
005 20070829153634.0
245 0 0 |a Recursos minerales de la República Argentina /  |c editor Eduardo O. Zappettini. 
260 |a Buenos Aires :  |b Instituto de Geología y Recursos Minerales,  |c 1999. 
300 |a 2 v. :  |b il., maps ;  |c 31 cm. 
490 0 |a Anales / Subsecretaría de Minería de la Nación, Servicio Geológico Minero Argentino, Instituto de Geológia y Recursos Minerales,  |x 0328-2325 ;  |v no. 35 
500 |a Dos láminas en hojas dobladas en bolsillo. 
504 |a Incluye referencias bibliográficas e índice. 
700 1 |a Zappettini, Eduardo O.,  |e ed.  |4 edt 
710 2 |a Instituto de Geología y Recursos Minerales (Argentina) 
043 |a s-ag--- 
082 0 0 |a 553.0982  |2 22 
650 4 |a Minas y recursos minerales  |z Argentina. 
650 0 |a Mines and mineral resources  |z Argentina. 
010 |a  2007354829 
040 |a GIS  |c GIS  |d OCLCQ  |d DLC  |d AR-BbSID 
859 |a AR-BbSID  |b BIB. PLAPIQUI  |h 333.85  |i R 245  |p 5741  |v Vol. 1  |3 Vol. 1 
859 |a AR-BbSID  |b BIB. PLAPIQUI  |h 333.85  |i R 245  |p 5742  |v Vol. 2  |3 Vol. 2